[Event "45th Olympiad Budapest 2024"]
[Site "Budapest"]
[Date "2024.09.11"]
[Round "1"]
[Board "2"]
[White "Miranda Llanes, Yerisbel"]
[Black "Ibtihal, Osman"]
[Result "1-0"]
[WhiteElo "2294"]
[BlackElo "1626"]
[PlyCount "71"]
[EventDate "2024.09.11"]
[EventType "team-tourn"]
[EventRounds "11"]
[EventCountry "HUN"]
[WhiteTeam "Cuba"]
[BlackTeam "Sudan"]
[WhiteTeamCountry "CUB"]
[BlackTeamCountry "SUD"]

1. d4 c5 2. d5 d6 3. c4 g6 4. Nc3 Bg7 5. e4 Nf6 6. h3 O-O 7. Bd3 Nbd7 ({RR} 7... e6 8. Be3 Na6 9. Nge2 Nc7 10. dxe6 Bxe6 11. O-O Re8 12. Qd2 Rb8 13. a4 a6 14. Rfd1 Nd7 15. Bg5 f6 16. Bf4 Ne5 17. Nd5 Nxd5 18. Bxe5 fxe5 19. cxd5 Bd7 20. a5 Qh4 21. Qe3 Bh6 22. Qg3 {½-½ Rudolf,M (2284)-Krzyzanowski,M (2517) 8th Irena Warakomska Mem 2024 (7.5)}) 8. Nf3 Nb6 ({RR} 8... e5 9. g4 a6 10. a4 b6 11. Be3 Rb8 12. Qd2 Ne8 13. Kd1 Ndf6 14. Kc2 Bd7 15. b3 Nc7 16. Rhb1 Rb7 17. b4 Qb8 18. b5 a5 19. Rh1 Kh8 20. Rag1 Qc8 21. Ne2 Nce8 22. Ng3 Ng8 23. Kb3 {0-1 Ding,L (2799)-Aronian,L (2782) Speed Chess Chess.com INT blitz 2021 (2.24)}) 9. O-O Nfd7 $146 ({RR} 9... e6 10. Bg5 h6 11. Be3 exd5 12. exd5 Nfd7 13. Qd2 g5 14. Rae1 Ne5 15. Nxe5 Bxe5 16. f4 gxf4 17. Bxf4 Bd4+ 18. Kh2 Qh4 19. Bxd6 Rd8 20. Be7 f6 21. Bxd8 Bxh3 22. gxh3 Rxd8 23. Qg2+ Kf8 24. Re4 {1-0 Chetverik,M (2296)-Simacek,V (1834) Tabor op 2011 (1)}) ({RR} 9... e6 10. Re1 exd5 11. exd5 Re8 12. Bf4 Rxe1+ 13. Qxe1 a6 14. Qd2 Qc7 15. Re1 Bd7 16. Re7 Re8 17. Qe2 Nc8 18. Rxe8+ Bxe8 19. Ng5 Qd7 20. Nge4 Nxe4 21. Nxe4 Kf8 22. b3 f5 23. Ng5 h6 24. Ne6+ {1-0 Gordo,B (1707)-Antunes,A (1301) Lisbon Portugal op 2017 (3)}) ({RR} 9... h6 10. Be3 Nbd7 11. Qd2 Kh7 12. g4 Ng8 13. g5 h5 14. Qe2 e5 15. Nh4 Ne7 16. a3 Nb6 17. Kg2 f5 18. gxf6 Bxf6 19. Nf3 Ng8 20. b4 Bd7 21. Qd2 Qc8 22. Rh1 cxb4 23. Nb5 Be7 24. Nxa7 {0-1 Joergens,M (2052)-Fiori,B (1975) Ruhrgebiet VL1 0304 2003 (1.4)}) 10. Bf4 Ne5 11. Nxe5 dxe5 12. Be3 Qc7 13. Nb5 Qd8 14. Bxc5 Bd7 15. Nc3 Rc8 16. b4 f5 17. Qb3 Rf7 18. f3 a6 19. Be3 f4 20. Bd2 Be8 21. c5 Nd7 22. Bc4 Rf8 23. d6+ Bf7 24. dxe7 Qxe7 25. Nd5 Qg5 26. Rfd1 Be6 27. Nb6 Bxc4 28. Qxc4+ Kh8 29. Nxd7 Rfd8 30. Bc3 Qe7 31. Nb6 Rc6 32. Rxd8+ Qxd8 33. Qd5 Qc7 34. Rd1 Bf6 35. Nd7 Qd8 36. Nxf6 1-0

[Event "45th Olympiad Budapest 2024"]
[Site "Budapest"]
[Date "2024.09.11"]
[Round "1"]
[Board "4"]
[White "Hernandez Gil, Ineymig"]
[Black "Elizabeth, Tanyous"]
[Result "1-0"]
[WhiteElo "2160"]
[BlackElo "1530"]
[PlyCount "39"]
[EventDate "2024.09.11"]
[EventType "team-tourn"]
[EventRounds "11"]
[EventCountry "HUN"]
[WhiteTeam "Cuba"]
[BlackTeam "Sudan"]
[WhiteTeamCountry "CUB"]
[BlackTeamCountry "SUD"]

1. e4 c5 2. Nf3 Nc6 3. d4 cxd4 4. Nxd4 e5 5. Nb5 a6 6. Nd6+ Bxd6 7. Qxd6 Nge7 ({RR} 7... Nf6 8. Bg5 h6 9. Be3 Qe7 10. Qd2 O-O 11. Nc3 b5 12. f3 Bb7 13. O-O-O Rac8 14. Qd6 Qd8 15. Kb1 Qa5 16. g4 Rfe8 17. h4 Nd4 18. Bxd4 exd4 19. Qxd4 b4 20. g5 Rxc3 21. gxf6 Rxf3 22. Rg1 {1-0 Volokitin,A (2662)-Klundt,K (2380) Mainz Ordix op 13th rapid 2006 (3)}) 8. Nc3 O-O 9. Bg5 Kh8 $146 ({RR} 9... f6 10. Bc4+ Kh8 11. Be3 Na5 12. Bb6 {1-0 Wolf,U-Wuchenauer,W GER-ch district 1996}) ({RR} 9... f5 10. Bc4+ Kh8 11. Be3 b5 12. Bd5 Bb7 13. Bc5 Re8 14. Bb3 Rc8 15. O-O-O Nd4 16. Bb6 Rc6 17. Qxc6 Bxc6 18. Bxd8 Rxd8 19. Nd5 Nxb3+ 20. cxb3 Ng6 21. f3 Kg8 22. Rd3 Kf7 23. Nb4 Rc8 24. Kd2 {1-0 Zsatkovics,E (1498)-Nemeth,O (1456) Budapest FS02 FM 2022 (1)}) ({RR} 9... h6 10. Be3 Ng6 11. Bc4 Qe7 12. Qxg6 d5 13. Bxd5 Be6 14. Bxe6 fxe6 15. O-O Rf6 16. Qh5 {1-0 Savostin,A (2000)-Vyatkin,D (2162) RUS-ch U18 Dagomys 2004 (6)}) ({RR} 9... f6 10. Be3 b5 11. O-O-O Na5 12. Bb6 Qe8 13. Bxa5 Nc6 14. Bb4 Rf7 15. Nd5 Rb8 16. Be2 Qd8 17. Rd3 Bb7 18. Bc5 f5 19. Bh5 Qg5+ 20. Nf4 g6 21. Rg3 Qxf4+ 22. Be3 Qh4 23. Bxg6 Rg7 24. Bxf5 {1-0 Jirousek,F (1787)-Pekarovic,J (1969) Tabor op 2010 (6)}) 10. O-O-O f6 11. Be3 b6 12. h4 b5 13. Kb1 Qa5 14. Nd5 Rf7 15. Bb6 Qa4 16. Bc5 Nxd5 17. Qxd5 Kg8 18. Qxc6 Rb8 19. Qc7 Ra8 20. Qd8+ 1-0

[Event "45th Olympiad Budapest 2024"]
[Site "Budapest"]
[Date "2024.09.11"]
[Round "1"]
[Board "3"]
[White "Schloffer, Jasmin-Denise"]
[Black "Abera, Mekdes Demssie"]
[Result "0-1"]
[WhiteElo "2168"]
[BlackElo "1593"]
[PlyCount "72"]
[EventDate "2024.09.11"]
[EventType "team-tourn"]
[EventRounds "11"]
[EventCountry "HUN"]
[WhiteTeam "Austria"]
[BlackTeam "Ethiopia"]
[WhiteTeamCountry "AUT"]
[BlackTeamCountry "ETH"]

1. d4 d5 2. Nf3 e6 3. e3 Nf6 4. c4 c5 5. cxd5 Nxd5 6. Nc3 Nc6 7. Be2 cxd4 ({RR} 7... Be7 8. O-O cxd4 9. exd4 O-O 10. Qb3 Bf6 11. Rd1 Nce7 12. Ne4 b6 13. Nxf6+ Nxf6 14. Bf4 Bb7 15. Rac1 Ned5 16. Be5 Qe7 17. h3 Rfc8 18. a3 Qd8 19. Nd2 Rxc1 20. Rxc1 Rc8 21. Rxc8 Qxc8 22. Qc4 {½-½ Volodin,A (2487)-Lugovoi,A (2531) Keres Memorial rap 20th rapid 2011 (5)}) 8. exd4 Bb4 ({RR} 8... Bd6 9. O-O O-O 10. Re1 b6 11. Bg5 Be7 12. Bxe7 Ndxe7 13. Rc1 Bb7 14. a3 Rc8 15. Bb5 Qd6 16. Ne4 Qf4 17. g3 Qg4 18. Nd6 Nxd4 19. Nxd4 Rxc1 20. Qxc1 Bd5 21. Qf4 Qh5 22. Be2 Qg6 23. N6b5 {1-0 Escudero Donoso,F (2035)-Manukyan,A (2155) Titled Tue 25th Jun Early 2024 (2)}) 9. Bd2 a6 $146 ({RR} 9... O-O 10. O-O b6 11. Rc1 Bb7 12. Nxd5 Bxd2 13. Nxd2 Qxd5 14. Bf3 Qd7 {½-½ Theisinger,F-Goetz,M Schwanstetten op 1994}) ({RR} 9... Qa5 10. a3 Bd6 11. Nb5 Qd8 12. Nxd6+ Qxd6 13. O-O O-O 14. Re1 Rd8 15. Bc3 b6 16. Bd3 h6 17. Re4 Bb7 18. Qd2 Nxc3 19. bxc3 Na5 20. Rg4 Bxf3 21. gxf3 e5 22. Rd1 Nc6 23. d5 Ne7 24. f4 {1-0 Friedemann,G-Bergkvist,N Olympiad-08 Final A 1939 (10)}) ({RR} 9... O-O 10. O-O Bd7 11. Nxd5 Bxd2 12. Qxd2 exd5 13. Rad1 Be6 14. Bd3 Qd6 15. Ng5 h6 16. Nxe6 fxe6 17. Bb1 Rf6 18. f4 Raf8 19. g3 h5 20. Qd3 Rh6 21. Qe3 Ne7 22. Rfe1 Nf5 23. Qb3 b6 24. Re5 {1-0 Straschewski,J-Gaehler,F Regensburg op 1998 (6)}) 10. O-O O-O 11. a3 Be7 12. Qc2 Nf6 13. Be3 g6 14. Rfd1 Nd5 15. Bh6 Re8 16. Ne4 Bf8 17. Bxf8 Kxf8 18. h4 f5 19. Nc5 b6 20. Nxa6 Nxd4 21. Nxd4 Bxa6 22. Bxa6 Rxa6 23. Qc4 Ra8 24. Nxe6+ Rxe6 25. Rxd5 Qe7 26. Qd4 Qf6 27. Qb4+ Kg8 28. Rad1 Rae8 29. Rd7 Re4 30. Qb3+ Kh8 31. g3 Qc6 32. Qd5 Qc2 33. Qf7 Re1+ 34. Kg2 Qe4+ 35. f3 Qe2+ 36. Kh3 Qf1+ 0-1

[Event "45th Olympiad Budapest 2024"]
[Site "Budapest"]
[Date "2024.09.11"]
[Round "1"]
[Board "4"]
[White "Teshome, Wubrist Bekele"]
[Black "Hapala, Elisabeth"]
[Result "0-1"]
[WhiteElo "1614"]
[BlackElo "2113"]
[PlyCount "56"]
[EventDate "2024.09.11"]
[EventType "team-tourn"]
[EventRounds "11"]
[EventCountry "HUN"]
[WhiteTeam "Ethiopia"]
[BlackTeam "Austria"]
[WhiteTeamCountry "ETH"]
[BlackTeamCountry "AUT"]

1. e4 c5 2. Nf3 e6 3. Nc3 a6 4. h3 Nc6 ({RR} 4... Qc7 5. a4 Nc6 6. d3 g6 7. g3 Bg7 8. Bg2 Nge7 9. O-O d5 10. exd5 exd5 11. Bf4 Qd8 12. Qd2 h6 13. h4 f6 14. Rfe1 Kf7 15. d4 c4 16. b3 cxb3 17. cxb3 Bf5 18. Rac1 Rc8 19. Be3 {0-1 Alekseenko,K (2650)-Nakamura,H (2788) Titled Tue 30th Jan Late 2024 (6)}) 5. d4 $146 ({RR} 5. Be2 b5 6. b3 Qc7 7. Bb2 Bb7 8. d3 Nf6 9. Qd2 Be7 10. a4 b4 11. Nd1 O-O 12. g4 d5 13. e5 Nd7 14. d4 Nxd4 15. Nxd4 cxd4 16. Bxd4 Nxe5 17. Rg1 Ng6 18. Ne3 a5 19. O-O-O e5 {0-1 Matto,M (1855)-Perman,T (2077) Gibraltar Masters 7th 2009 (1)}) ({RR} 5. g3 g6 6. Bg2 Bg7 7. O-O Nge7 8. d3 O-O {½-½ Ramic,M (2028)-Avdic,A (2268) BIH-chT1A 22nd 2015 (9.4)}) ({RR} 5. b3 Be7 6. e5 Qc7 7. Bb2 Nxe5 8. Nxe5 Qxe5+ 9. Be2 Bf6 10. O-O Qc7 11. Re1 b5 12. Rb1 Bb7 13. Bf3 Ne7 14. Bxb7 Qxb7 15. Ne4 Qc6 16. Nxf6+ gxf6 17. Bxf6 Rg8 18. f3 Nd5 19. Be5 d6 {0-1 Baranco Gonzalez,N (1300)-Mateos Cordero,F (1637) Madrid San Viator op-B 27th 2016 (2)}) 5... cxd4 6. Nxd4 Qc7 7. Nb3 Nf6 8. a3 b5 9. f4 d6 10. Bd3 Be7 11. Qf3 Bb7 12. Be3 O-O 13. g4 Nd7 14. g5 Nc5 15. Nxc5 dxc5 16. Qh5 c4 17. Be2 Rfd8 18. Rg1 Nd4 19. O-O-O Nxe2+ 20. Qxe2 b4 21. axb4 Bxb4 22. Rxd8+ Rxd8 23. Qf2 Qa5 24. Bb6 Qa1+ 25. Nb1 Bd2+ 26. Kd1 Qxb1+ 27. Ke2 Qxc2 28. Bxd8 Be3+ 0-1

[Event "45th Olympiad Budapest 2024"]
[Site "Budapest"]
[Date "2024.09.11"]
[Round "1"]
[Board "1"]
[White "Vilhete, Vania Fausto Da T."]
[Black "Mihok-Juhasz, Barbara"]
[Result "0-1"]
[WhiteElo "1877"]
[BlackElo "2193"]
[PlyCount "90"]
[EventDate "2024.09.11"]
[EventType "team-tourn"]
[EventRounds "11"]
[EventCountry "HUN"]
[WhiteTeam "Mozambique"]
[BlackTeam "Hungary B"]
[WhiteTeamCountry "MOZ"]

1. d4 {ChessBase II} Nf6 2. c4 g6 3. Nc3 Bg7 4. e4 d6 5. Be2 O-O 6. Bg5 c5 7. d5 h6 8. Bf4 e6 9. dxe6 Bxe6 10. Qc1 $146 ({RR} 10. h3 Nc6 11. Nf3 Qa5 12. Bd2 Qd8 13. Be3 a6 14. O-O Qe7 15. Qd2 Kh7 16. Rfd1 Rfd8 17. Rac1 Ne5 18. Nxe5 dxe5 19. Qc2 Rac8 20. Rxd8 Qxd8 21. Rd1 Qc7 ({RR} 21... Qe8) 22. Nd5 Qa5 23. a3 Nxd5 24. exd5 Bd7 {1-0 Heinig,W-Bindrich,O DDR-ch22 Semifinal-B 1972 (9)}) ({RR} 10. Qd2 Nc6 11. Nf3 Qb6 12. O-O Nd4 13. Nxd4 cxd4 14. Nd5 Bxd5 15. exd5 Ne4 16. Qc2 Rfe8 17. Bd3 {½-½ Silman,J (2415)-Vaulin,A (2550) Pardubice op 1994 (7)}) ({RR} 10. Nf3 Nc6 11. O-O Qb6 12. b3 Rfe8 13. h3 Rad8 14. Re1 Nd7 15. Qd2 g5 16. Be3 Nd4 17. Bxd4 cxd4 18. Na4 Qc6 19. Nxd4 Qxe4 20. Nxe6 Qxe6 21. Bg4 Qf6 22. Bxd7 Rxe1+ 23. Rxe1 Rxd7 24. Re8+ Kh7 {1-0 Heimann,M (2454)-Ippolito,D (2358) National Open 2024 (4.30)}) ({RR} 10. Qd2 h5 11. Bxd6 Re8 12. Nf3 Nc6 13. O-O Nd4 14. e5 Ng4 15. Nxd4 Bh6 16. f4 cxd4 17. Qxd4 Rc8 18. h3 Nf6 19. exf6 Bf8 20. Rad1 Bxd6 21. Qxd6 Qxf6 22. Qe5 {1-0 Kunsztowicz,U-Emami,M Hamburg-ch 1974 (3)}) ({RR} 10. Qd2 Nc6 11. Bxh6 Bxh6 12. Qxh6 Nd4 13. O-O-O Qa5 14. h4 Nh7 15. Bd3 b5 16. h5 g5 17. Nf3 Nxf3 18. e5 {1-0 Kunsztowicz,U (2415)-Brondum,E (2340) Esbjerg North Sea Cup-01 1976 (6)}) 10... Qa5 11. Bd2 Qb6 12. Rb1 Kh7 13. Nf3 Nc6 14. O-O Nd4 15. Nxd4 cxd4 16. Nd5 Bxd5 17. exd5 Ne4 18. Qc2 f5 19. Bd3 Rfe8 20. Rfe1 Nxd2 21. Qxd2 Re5 22. b4 Rae8 23. Kf1 Qd8 24. g3 h5 25. Be2 Qe7 26. Bf3 Bh6 27. Qd1 b6 28. Re2 Bg7 29. Qd3 Rxe2 30. Bxe2 Qe5 31. Bf3 Re7 32. Qd2 Bh6 33. Qc2 h4 34. Kg2 Rc7 35. Qe2 Qg7 36. Re1 Bg5 37. Qd3 b5 38. cxb5 Rc3 39. Qd1 Rc1 40. Qe2 d3 41. Qe6 Rxe1 42. Qxe1 d2 43. Qb1 Qc3 44. Bd1 Qc4 45. Qb3 h3+ 0-1

[Event "45th Olympiad Budapest 2024"]
[Site "Budapest"]
[Date "2024.09.11"]
[Round "1"]
[Board "1"]
[White "Lyons, Kieran"]
[Black "Cramling, Pia"]
[Result "0-1"]
[WhiteElo "1818"]
[BlackElo "2425"]
[PlyCount "76"]
[EventDate "2024.09.11"]
[EventType "team-tourn"]
[EventRounds "11"]
[EventCountry "HUN"]
[WhiteTeam "Fiji"]
[BlackTeam "Sweden"]
[WhiteTeamCountry "FIJ"]
[BlackTeamCountry "SWE"]

1. e4 c5 2. Nf3 e6 3. d4 cxd4 4. Nxd4 a6 5. Nc3 b5 6. Bd3 Bb7 7. O-O Nc6 8. Nxc6 Bxc6 9. e5 f5 ({RR} 9... Ne7 10. Qh5 Ng6 11. Bd2 Qh4 12. Qxh4 Nxh4 13. Ne4 Be7 14. Rad1 f5 15. exf6 gxf6 16. f3 f5 17. Ng3 Rg8 18. Kh1 Kf7 19. Rfe1 Bd6 20. Bf1 Bxg3 21. hxg3 Rxg3 22. Bf4 Rg6 23. Rd6 Rag8 24. Rd2 {0-1 Alekseenko,K (2686)-Predke,A (2684) Airthings Masters Play-In 2023 (6)}) 10. Be3 $146 ({RR} 10. exf6 Nxf6 11. Qe2 Be7 12. a4 b4 13. Ne4 Bxe4 14. Bxe4 Nxe4 15. Qxe4 O-O 16. Be3 Qc8 17. Bd4 Qc6 18. Qxc6 dxc6 19. Rae1 Kf7 20. Bb6 Rab8 21. a5 Bd8 22. Bxd8 Rfxd8 23. Re4 Rb5 24. Rfe1 Rd6 {½-½ Szieberth,A (2305)-Csonka,A (2281) HUN-chT2 Charousek 0708 2007 (10)}) ({RR} 10. a4 b4 11. Nb1 Ne7 12. Nd2 Ng6 13. Nc4 Bc5 14. Be3 Bxe3 15. Nd6+ Ke7 16. fxe3 Nxe5 17. Bxf5 Qb8 18. Qh5 Kxd6 19. Rad1+ Kc7 20. Bxe6 Kb7 21. Bd5 Qc7 22. Rf4 a5 23. c3 Rae8 24. Rfd4 bxc3 {0-1 Filippov,A (2589)-Horvath,C (2537) CRO-chT1A Bol 2014 (6.3)}) ({RR} 10. Qe2 Ne7 11. a4 b4 12. Nd1 Ng6 13. f4 Be7 14. Be3 Qc8 15. b3 O-O 16. Nb2 Bd5 17. Nc4 Bxc4 18. Bxc4 Qc6 19. Rad1 Rfd8 20. Qf3 Rac8 21. Rd2 Nf8 22. Qf2 Ng6 23. Rfd1 Kh8 24. g3 Rb8 {1-0 Airapetian,T (2175)-Girya,O (2332) Bykova Memorial op (Women) 2008 (6)}) 10... g6 11. Ne2 Nh6 12. Nd4 Bb7 13. Nf3 Nf7 14. Bd4 Bg7 15. Re1 O-O 16. c3 Rc8 17. Nd2 d6 18. f4 dxe5 19. fxe5 Qd5 20. Qf3 Qd7 21. Qg3 g5 22. Nf3 g4 23. Nd2 h5 24. Qh4 Qd5 25. Bf1 Bh6 26. Nb3 Bg5 27. Qxh5 Kg7 28. Be3 Bxe3+ 29. Rxe3 Rh8 30. Rd3 Rxh5 31. Rxd5 Bxd5 32. Nd4 Nxe5 33. Re1 Kf6 34. a3 Rch8 35. h3 gxh3 36. gxh3 Rg8+ 37. Kf2 Rh4 38. Rd1 Nc4 0-1

[Event "45th Olympiad Budapest 2024"]
[Site "Budapest"]
[Date "2024.09.11"]
[Round "1"]
[Board "3"]
[White "Terubea, Cydel"]
[Black "Cramling Bellon, Anna"]
[Result "0-1"]
[WhiteElo "1681"]
[BlackElo "2066"]
[PlyCount "60"]
[EventDate "2024.09.11"]
[EventType "team-tourn"]
[EventRounds "11"]
[EventCountry "HUN"]
[WhiteTeam "Fiji"]
[BlackTeam "Sweden"]
[WhiteTeamCountry "FIJ"]
[BlackTeamCountry "SWE"]

1. e4 c5 2. Nf3 e6 3. Nc3 Nc6 4. d4 cxd4 5. Nxd4 Nf6 6. Nf3 Bb4 7. Bd3 Qc7 ({RR} 7... d5 8. O-O Bxc3 9. exd5 Nxd5 10. bxc3 Nxc3 11. Qe1 Nd5 12. Ba3 Nce7 13. Ng5 h6 14. Ne4 O-O 15. Rd1 Qc7 16. c4 Nf4 17. Bd6 Nxd3 18. Rxd3 Qd8 19. Qd2 Re8 20. Nf6+ gxf6 21. Qxh6 Nf5 22. Qh5 {1-0 Stocek,J (2604)-Karavaeva,O (2260) Titled Tuesday intern op 09th Feb blitz 2021 (10)}) ({RR} 7... d5 8. exd5 Nxd5 9. Bd2 Qf6 10. Na4 Bxd2+ 11. Qxd2 O-O 12. O-O Nf4 13. Nc3 Rd8 14. Rfe1 Nxd3 15. cxd3 Qg6 16. Re3 b6 17. Ne4 Nd4 18. Nxd4 Rxd4 19. Qc3 e5 20. Rg3 Qf6 21. Nxf6+ Kf8 22. Qc6 {1-0 Valibeagi Darvishvand,P-Baghbanbashi,K IRI-ch U14 Chess.com INT 2021 (7)}) 8. h3 $146 ({RR} 8. Bd2 O-O 9. O-O a6 10. a3 Bd6 11. Re1 Ne5 12. g3 b5 13. Bg5 Nfg4 14. Nxe5 Nxe5 15. Bf4 Nxd3 16. Bxd6 Qxd6 17. Qxd3 Qc6 18. Rad1 Rd8 19. f3 Bb7 20. Re3 Qc5 21. b4 Qb6 22. e5 Bxf3 {0-1 Chernova,M-Schmitt,C Berlin Unicorn op 2005 (7)}) ({RR} 8. O-O O-O 9. Bd2 a6 10. Re1 d6 11. a3 Bxc3 12. Bxc3 e5 13. h3 Nh5 14. Ng5 Nf4 15. Bc4 h6 16. Nf3 Qe7 17. Re3 Qf6 18. Kh2 Qg6 19. Qf1 Kh8 20. Ne1 f5 21. Rg3 Qh5 22. Nd3 fxe4 {0-1 Hartlaub,M-Hartmann Frobenius,A Bayern-chB (Women) 56th 1985 (4)}) ({RR} 8. Bd2 a6 9. O-O Ne5 10. Nxe5 Qxe5 11. Re1 Bc5 12. Qf3 Bd6 13. Qg3 Nh5 14. Qxe5 Bxe5 15. Rab1 b5 16. a3 Bb7 17. Be2 Nf6 18. Bf3 Rc8 19. h3 h6 20. Rbc1 O-O 21. Rcd1 d6 22. g3 Rfd8 {0-1 Dementieva,J (1624)-Shidlovski,Y (1957) Kimry op 52nd 2010 (3)}) 8... h6 9. Bd2 a6 10. Qe2 d6 11. O-O O-O 12. Rfe1 Rd8 13. e5 dxe5 14. Nxe5 Nd4 15. Qe3 Bc5 16. Qg3 Nf5 17. Qf3 Bd6 18. Ng4 Be7 19. Ne4 Nxe4 20. Qxe4 Bd7 21. Nxh6+ gxh6 22. g4 Bc6 23. Qe5 Qxe5 24. Rxe5 Nh4 25. Rh5 Nf3+ 26. Kf1 Nxd2+ 27. Kg1 Bg5 28. h4 Nf3+ 29. Kf1 Nxh4 30. Re1 Bg2+ 0-1

[Event "45th Olympiad Budapest 2024"]
[Site "Budapest"]
[Date "2024.09.11"]
[Round "1"]
[Board "4"]
[White "Zaritovskaja, Margarita"]
[Black "Prasad, Tanvi"]
[Result "1-0"]
[WhiteElo "2009"]
[BlackElo "1564"]
[PlyCount "29"]
[EventDate "2024.09.11"]
[EventType "team-tourn"]
[EventRounds "11"]
[EventCountry "HUN"]
[WhiteTeam "Sweden"]
[BlackTeam "Fiji"]
[WhiteTeamCountry "SWE"]
[BlackTeamCountry "FIJ"]

1. e4 b6 2. d4 Bb7 3. Nc3 e6 4. Nf3 Nf6 5. Bd3 Bb4 6. Qe2 O-O 7. e5 ({RR} 7. O-O Bxc3 8. bxc3 d5 {½-½ Mateo,R (2437)-Sequera Paolini,J (2392) Guillermo Garcia Memorial-A 11th 2003 (11)}) ({RR} 7. O-O c5 8. dxc5 Bxc3 9. bxc3 bxc5 10. e5 Nd5 11. Bb2 f5 12. c4 Nf4 13. Qe3 Nxd3 14. cxd3 Na6 15. Ba3 Qa5 16. Bb2 Nb4 17. Qd2 Bxf3 18. gxf3 Qc7 19. Kh1 Rab8 20. Bc3 Nc6 21. Rae1 f4 {0-1 Hamouri,T (1845)-P. Komal Kishore (1984) Titled Tue 23rd Jul Early 2024 (10)}) 7... Nd5 8. Bxh7+ Kxh7 9. Ng5+ Kg8 $146 ({RR} 9... Kg6 10. Qg4 f5 11. exf6 Nxf6 12. Qg3 Nh5 13. Qd3+ Kf6 14. Nh7+ Kf7 15. Nxf8 Qxf8 16. Bg5 Kg8 17. O-O-O Qxf2 18. Qg6 Qf7 19. Qxf7+ Kxf7 20. Rhf1+ Kg8 21. g3 Bxc3 22. bxc3 Nc6 23. g4 Nf6 24. Bxf6 {0-1 Kotyk,M (2074)-Sowa,R (2073) Titled Tue 9th May Late 2023 (11)}) ({RR} 9... Qxg5 10. Bxg5 Rh8 11. O-O-O {1-0 Ledger,D (2148)-Jackson,C (1968) BCF-chT 2122 (4NCL) 2021 (9.67)}) ({RR} 9... Kg6 10. h4 Qe7 11. h5+ Kh6 12. Qd3 Qxg5 13. Bxg5+ Kxg5 14. h6 gxh6 15. Qg3+ Kf5 16. Rh5# {1-0 Huerter,H (2237)-Harriott,T (1889) Titled Tue 4th Apr Early 2023 (4)}) 10. Qh5 Re8 11. Qxf7+ Kh8 12. Qh5+ Kg8 13. Qh7+ Kf8 14. Qh8+ Ke7 15. Qxg7# 1-0

[Event "45th Olympiad Budapest 2024"]
[Site "Budapest"]
[Date "2024.09.11"]
[Round "1"]
[Board "1"]
[White "Khamdamova, Afruza"]
[Black "Seine, Rose Berline"]
[Result "1-0"]
[WhiteElo "2313"]
[BlackElo "1778"]
[PlyCount "71"]
[EventDate "2024.09.11"]
[EventType "team-tourn"]
[EventRounds "11"]
[EventCountry "HUN"]
[WhiteTeam "Uzbekistan"]
[BlackTeam "Haiti"]
[WhiteTeamCountry "UZB"]
[BlackTeamCountry "HAI"]

1. e4 e5 2. Nf3 Nc6 3. Bb5 Nf6 4. d3 Bc5 5. O-O d6 6. c3 Bd7 ({RR} 6... Bb6 7. Nbd2 O-O 8. h3 Ne7 9. Ba4 c6 10. d4 Ng6 11. Re1 Re8 12. Bc2 h6 13. a4 Bc7 14. Nf1 Nh7 15. Ng3 Ng5 16. dxe5 Nxf3+ 17. Qxf3 Rxe5 18. Be3 Bb6 19. Rad1 Be6 20. Qe2 h5 21. Bxb6 {½-½ Kobalia,M (2637)-Alekseev,E (2700) RUS-chT 17th 2010 (4)}) 7. Re1 Qe7 8. d4 Bb6 9. h3 $146 ({RR} 9. Nbd2 exd4 10. Bxc6 bxc6 11. e5 dxe5 12. Rxe5 Be6 13. Qa4 O-O 14. Nxd4 Qd6 15. N2f3 Bd7 16. Qc4 Ng4 17. Re4 Rae8 18. Rxe8 Rxe8 19. Bg5 Be6 20. Qxc6 Qxc6 21. Nxc6 Nxf2 22. Nfd4 Nd3 23. b3 f6 {0-1 Munnik,T (2015)-Haimovich,T (2388) Vlissingen HZ op 16th 2012 (4)}) ({RR} 9. d5 Nb8 10. Bd3 c6 11. c4 h6 12. Be3 c5 13. h3 a6 14. Qb3 Qd8 15. Nbd2 a5 16. a3 O-O 17. Nf1 a4 18. Qc2 Ba5 19. Bd2 Bxd2 20. Qxd2 Qe8 21. Ng3 b5 22. cxb5 Bxb5 23. Nf5 Bxd3 {1-0 Trede,R (1785)-Scheller,R HSK Easter Open 2024 (3.28)}) ({RR} 9. Bg5 h6 10. Bh4 g5 11. Bg3 g4 12. Nh4 O-O-O 13. d5 Nb8 14. Bxd7+ Nbxd7 15. Nf5 Qf8 16. a4 a6 17. a5 Ba7 18. b4 Rg8 19. Bh4 Re8 20. Qd3 Rg6 21. Nd2 Nh5 22. c4 Nf4 23. Qf1 Qg8 {1-0 Maksimovic,B (2269)-Markovic,R (1749) Sarajevo Bosna op 47th 2017 (1)}) 9... O-O-O 10. d5 Nb8 11. Bxd7+ Nbxd7 12. a4 c6 13. a5 Bc7 14. a6 b6 15. dxc6 Nb8 16. c4 Nxc6 17. Bg5 h6 18. Bxf6 Qxf6 19. Nc3 Qe6 20. Qa4 Ne7 21. Nd5 Qd7 22. Nxe7+ Qxe7 23. b4 Qd7 24. Qb3 Qe6 25. Nd2 Kd7 26. Nf1 b5 27. Ne3 bxc4 28. Qa4+ Kc8 29. Qc6 d5 30. Qb7+ Kd7 31. Nxd5 Qc6 32. Nf6+ Qxf6 33. Red1+ Ke8 34. Qxc7 Rd4 35. Qb8+ Qd8 36. Qxe5+ 1-0

[Event "45th Olympiad Budapest 2024"]
[Site "Budapest"]
[Date "2024.09.11"]
[Round "1"]
[Board "1"]
[White "Shipindo, Rauha"]
[Black "Koskela, Niina"]
[Result "0-1"]
[WhiteElo "1681"]
[BlackElo "2173"]
[PlyCount "76"]
[EventDate "2024.09.11"]
[EventType "team-tourn"]
[EventRounds "11"]
[EventCountry "HUN"]
[WhiteTeam "Namibia"]
[BlackTeam "Norway"]
[WhiteTeamCountry "NAM"]
[BlackTeamCountry "NOR"]

1. d4 Nf6 2. Nf3 e6 3. g3 d5 4. Bg2 Be7 5. c4 dxc4 6. Qa4+ Bd7 7. Qxc4 Bc6 8. O-O O-O 9. Nc3 a6 10. a4 b5 11. axb5 $146 ({RR} 11. Qd3 b4 12. Nb1 Be4 13. Qc4 Bd5 14. Qc2 c5 15. dxc5 Nbd7 16. Bg5 Rc8 17. Nbd2 Nxc5 18. Rfc1 Qb6 19. Qd1 Rfd8 20. Qe1 h6 21. Be3 Qb7 22. h3 Nfd7 23. a5 Bf6 24. Rcb1 Ne4 25. Qf1 Ndc5 {0-1 Schinzel,W (2400)-Zaitsev,I (2190) Graz 1979 (8)}) ({RR} 11. Qd3 b4 12. Nb1 Be4 13. Qe3 c5 14. Nbd2 Bd5 15. Qf4 cxd4 16. Nxd4 Bxg2 17. Kxg2 Qd5+ 18. Qf3 Rc8 19. Qxd5 Nxd5 20. e4 Nb6 21. b3 Nc6 22. Bb2 Na5 23. f4 Rc7 24. Rac1 Rac8 25. Rxc7 Rxc7 {½-½ Inarkiev,E (2674)-Jakovenko,D (2710) RUS-ch Superfinal 60th 2007 (8)}) ({RR} 11. Qb3 b4 12. Nb1 Bd5 13. Qc2 c5 14. dxc5 Nbd7 15. c6 Rc8 16. Be3 Bxc6 17. Qd1 Bc5 18. Qd3 Be4 19. Qxa6 Bxe3 20. fxe3 Nc5 21. Qc4 Nd5 22. Nbd2 Nxe3 23. Qxb4 Nc2 24. Qc4 Bxf3 25. Nxf3 Nxa1 {0-1 Neiksans,A (2587)-Haring,F (2441) TCh-CZE Extraliga 2023-24 (7.1)}) ({RR} 11. Qb3 b4 12. Nb1 Bd5 13. Qd1 c5 14. dxc5 Bxc5 15. Bf4 Nc6 16. Nbd2 Qb6 17. Qe1 Ne4 18. Nxe4 Bxe4 19. Nh4 Bxg2 20. Nxg2 Nd4 21. Ne3 b3 22. Be5 Rac8 23. Nc4 Qc6 24. Na5 Qe4 25. Bxd4 Bxd4 {½-½ Sully,D-Cooper,J (2320) WLS-ch Wales 1981 (3)}) ({RR} 11. Qa2 b4 12. Nd1 Bd5 13. b3 c5 14. dxc5 Ne4 15. Ne3 Nc3 16. Qd2 Be4 17. Re1 Bxc5 18. Bb2 Nc6 19. Bxc3 bxc3 20. Qxc3 Bb4 21. Qc4 Bxf3 22. Red1 Qb6 23. Bxf3 Na5 24. Qe4 Rad8 25. Nc2 Bc5 {1-0 Polugaevsky,L (2600)-Braga,F (2375) Mar del Plata Clarin Masters 1982}) 11... axb5 12. Nxb5 Rxa1 13. Nc3 Qc8 14. h3 Qa6 15. Qxa6 Nxa6 16. Ne5 Bxg2 17. Kxg2 Nb4 18. Bd2 Rxf1 19. Kxf1 c5 20. dxc5 Bxc5 21. g4 Rd8 22. Bg5 Bd4 23. Nf3 Bxc3 24. bxc3 Rd1+ 25. Kg2 Nc6 26. Be3 Nd5 27. Nd4 Nxe3+ 28. fxe3 Nxd4 29. cxd4 Kf8 30. Kf3 Ke7 31. e4 Rxd4 32. e3 Rd2 33. Kg3 e5 34. Kf3 Kd6 35. h4 Kc5 36. h5 Kc4 37. Kg3 Kd3 38. Kf3 Re2 0-1